Különböző szélsőpont alapú osztályozások alkalmazása városi felszínborítás térképezéséhez idősoros DESIS és PlanetScope műholdfelvételek fúziójából

Elmentve itt :
Bibliográfiai részletek
Szerző: Soti Márkó
További közreműködők: Mucsi László (Témavezető)
Dokumentumtípus: Szakdolgozat
Megjelent: 2023
Tárgyszavak:
Online Access:http://diploma.bibl.u-szeged.hu/141362
LEADER 00945nta a2200193 i 4500
001 dipl141362
005 20240528105822.0
008 240528s2023 hu om 000 hun d
040 |a SZTE Diploma Repozitórium  |b hun 
041 |a hun 
100 1 |a Soti Márkó 
245 1 0 |a Különböző szélsőpont alapú osztályozások alkalmazása városi felszínborítás térképezéséhez idősoros DESIS és PlanetScope műholdfelvételek fúziójából  |h [elektronikus dokumentum] /  |c Márkó Soti 
246 1 0 |a Application of endmember-based classifications for urban land cover mapping from the fusion of time-series DESIS and PlanetScope satellite images  |h [elektronikus dokumentum] 
260 |c 2023 
650 4 |a Természettudományok 
650 4 |a Natural sciences 
650 4 |a Earth and related environmental sciences 
700 0 1 |a Mucsi László  |e ths 
856 4 0 |u https://diploma.bibl.u-szeged.hu/id/eprint/141362/1/2023_soti_marko.pdf  |z Dokumentum-elérés